Erdol-Spaltung.

Bibliographic Details
Main Author: Lehmann, Gerhard H., 1907-
Format: Book
Language:German
Published: Mainz : Huthig und Dreyer, [1958]
Series:Erdol-Bucherei ; Bd. 5.
Subjects:

MARC

Tag First Indicator Second Indicator Subfields
LEADER 00000cam a2200000 4500
001 in00000093720
005 20150927070214.0
008 800404s1958 gw a 00000 ger d
035 |a (OCoLC)06169074 
035 |9 AAL5569AM 
040 |a TXA  |c TXA  |d UtOrBLW 
049 |a TXAM  |c [348049] 
090 |a TN870  |b .A22 Bd. 5 
100 1 |a Lehmann, Gerhard H.,  |d 1907- 
245 1 0 |a Erdol-Spaltung. 
264 1 |a Mainz :  |b Huthig und Dreyer,  |c [1958] 
264 4 |c [©1958] 
300 |a 54 pages :  |b illustrations 
336 |a text  |b txt  |2 rdacontent 
337 |a unmediated  |b n  |2 rdamedia 
338 |a volume  |b nc  |2 rdacarrier 
490 1 |a Die Erdol-Bucherei,  |v Bd. 5 
650 0 |a Cracking process. 
830 0 |a Erdol-Bucherei ;  |v Bd. 5. 
999 |a MARS 
999 f f |s 94f326df-21da-342f-8c58-beca85d6cd56  |i 4865016f-c017-3925-8f84-0be565850141  |t 0 
952 f f |p ric  |a Texas A&M University  |b Rellis Campus  |c Joint Library Facility  |d Remote Storage  |t 0  |e TN870 .A22 Bd. 5  |h Library of Congress classification  |i unmediated -- volume  |m A14805585735 
998 f f |a TN870 .A22 Bd. 5  |t 0  |l Remote Storage